000 00250nam a2200109Ia 4500
008 190216s9999||||xx |||||||||||||| ||und||
100 _aAryan Kannanoor
245 0 _aSyamadhara
260 _bCurrent Books
650 _aKavithakal
942 _cBK
999 _c26093
_d26093